00590 2200205 4500001002100000005001500021035002000036245008700056100001700143250000600160300003200166700001500198260003600213082001200249084001800261020002200279600002500301008004100326990001700367INLIS00000000000186720260114091301 a0010-01260000031 aIlmuwan Muslim :bAbu Khair Ahli Pertanian /cSelly Astari; Ilustrator, M. Isnaeni0 aSelly Astari a- a18 hlm. :bilus. ;c17,5 cm0 aM. Isnaeni aBandung :bPelangi Mizan,c2021 a297.092 a297.092 SEL i a978-602-472-264-7 4aBiografi Tokoh Islam260114 0  a05458/H/2026